eSports: League of Legends Worlds 2020 Teams - Statistics

General Stats
  • This quiz has been taken 68 times
  • The average score is 13 of 22
Answer Stats
Region Teams Seed % Correct
EU Fnatic 2
89%
EU G2 Esports 1
89%
KR Gen.G 3
84%
NA Team Liquid 3
79%
CN JD Gaming 2
77%
NA Team SoloMid 1
77%
EU Rogue 3
75%
KR ⁠DRX 2
71%
EU ⁠MAD Lions 4
70%
KR DAMWON Gaming 1
68%
CN Top Esports 1
68%
PCS PSG Talon 2
66%
CN Suning 3
64%
NA ⁠FlyQuest 2
61%
CIS Unicorns Of Love 1
50%
CN LGD Gaming 4
43%
BR INTZ 1
29%
PCS Machi Esports 1
27%
TR ⁠Papara SuperMassive 1
25%
LAT ⁠Rainbow7 1
21%
JP ⁠V3 Esports 1
21%
OCE ⁠Legacy Esports 1
18%
No matching quizzes found
Score Distribution
Percent of People with Each Score
Percentile by Number Answered
Your Score History
You have not taken this quiz